Distribuované riadenie po priemyselnom Ethernete v jazyku JAVA

Uložené v:
Podrobná bibliografia
Hlavný autor: Kamenský, Jaroslav (Autor)
Ďalší autori: Fodrek, Peter, 1976- (Vedúci práce)
Médium: Rukopis Kniha
Jazyk:Slovak
Vydavateľské údaje: Bratislava : STU v Bratislave FEI, 2009
Predmet:
Tagy: Pridať tag
Žiadne tagy, Buďte prvý, kto otaguje tento záznam!

MARC

LEADER 00000ntm a22000003a 4500
001 stu190783
005 20160719165131.5
008 090928s2009----xo------------------slo-d
040 |a STU  |b slo 
041 0 |a slo 
044 |a xo 
100 1 |a Kamenský, Jaroslav  |4 aut 
245 1 |a Distribuované riadenie po priemyselnom Ethernete v jazyku JAVA 
260 |a Bratislava :  |b STU v Bratislave FEI,  |c 2009 
300 |a 59 s 
650 7 |a Elektroenergetika  |2 stusub 
650 7 |a distribuované operačné systémy  |2 stusub 
650 7 |a polovodičové zariadenia  |2 stusub 
700 1 |a Fodrek, Peter,  |d 1976-  |4 ths  |u E010  |T FEI Ústav riadenia a priemyselnej informatiky  |X 4968  |U E010  |Y E010  |7 A000004968